A practical approach to WBEM/CIM management / (Record no. 26750)

MARC details
000 -LEADER
fixed length control field 01127cam a22002895a 4500
001 - CONTROL NUMBER
control field 13402031
005 - DATE AND TIME OF LATEST TRANSACTION
control field 20180520103255.0
008 - FIXED-LENGTH DATA ELEMENTS--GENERAL INFORMATION
fixed length control field 031113s2004 flua 001 0 eng
020 ## - INTERNATIONAL STANDARD BOOK NUMBER
International Standard Book Number 0849323061
020 ## - INTERNATIONAL STANDARD BOOK NUMBER
International Standard Book Number 9780849323065
040 ## - CATALOGING SOURCE
Original cataloging agency DLC
Transcribing agency DLC
Modifying agency DLC
-- EG-ScBUE
Language of cataloging eng
082 04 - DEWEY DECIMAL CLASSIFICATION NUMBER
Edition number 22
Classification number 658.054678
Item number HOB
100 1# - MAIN ENTRY--PERSONAL NAME
Personal name Hobbs, Chris‏.
9 (RLIN) 41669
245 12 - TITLE STATEMENT
Title A practical approach to WBEM/CIM management /
Statement of responsibility, etc Chris Hobbs.
246 30 - VARYING FORM OF TITLE
Title proper/short title Practical approach to Web-Based Enterprise Management/Component Information Model
246 3# - VARYING FORM OF TITLE
Title proper/short title Web-Based Enterprise Management/Component Information Model
260 ## - PUBLICATION, DISTRIBUTION, ETC. (IMPRINT)
Place of publication, distribution, etc Boca Raton :
Name of publisher, distributor, etc Auerbach Publications,
Date of publication, distribution, etc c.2004.
300 ## - PHYSICAL DESCRIPTION
Extent xiv, 325 p. :
Other physical details ill. ;
Dimensions 25 cm.
500 ## - GENERAL NOTE
General note Includes index.
650 #7 - SUBJECT ADDED ENTRY--TOPICAL TERM
Topical term or geographic name as entry element Business enterprises
General subdivision Computer networks.
Source of heading or term BUEsh
9 (RLIN) 27486
650 #7 - SUBJECT ADDED ENTRY--TOPICAL TERM
Topical term or geographic name as entry element Computer networks
General subdivision Management.
Source of heading or term BUEsh
9 (RLIN) 3818
651 ## - SUBJECT ADDED ENTRY--GEOGRAPHIC NAME
Source of heading or term BUEsh
653 ## - INDEX TERM--UNCONTROLLED
Resource For college BAEPS, Business Administration
Arrived date list May2018
856 41 - ELECTRONIC LOCATION AND ACCESS
Materials specified Table of contents only
Uniform Resource Identifier <a href="http://www.loc.gov/catdir/toc/fy044/2003065978.html">http://www.loc.gov/catdir/toc/fy044/2003065978.html</a>
856 42 - ELECTRONIC LOCATION AND ACCESS
Materials specified Publisher description
Uniform Resource Identifier <a href="http://www.loc.gov/catdir/enhancements/fy0647/2003065978-d.html">http://www.loc.gov/catdir/enhancements/fy0647/2003065978-d.html</a>
942 ## - ADDED ENTRY ELEMENTS (KOHA)
Source of classification or shelving scheme Dewey Decimal Classification
Holdings
Withdrawn status Item status Source of classification or shelving scheme Damaged status Not for loan Home library Current library Shelving location Date acquired Total Checkouts Full call number Barcode Date last seen Koha item type
    Dewey Decimal Classification     Central Library Central Library First floor 20/05/2018   658.054678 HOB 000047796 15/07/2025 Book - Borrowing